| 000 | 00759nam a2200229 u 4500 | ||
|---|---|---|---|
| 005 | 20241116063715.0 | ||
| 008 | 130523s2012 mx r 000 0 spa d | ||
| 020 | _a9786071711977 | ||
| 035 | _aUPN01000191284 | ||
| 049 | _aCG | ||
| 050 | 4 |
_aLC1031 _bM4.8 |
|
| 100 | 1 |
_aMedina Elizondo, Manuel _933795 |
|
| 245 | 1 | 0 |
_a20 competencias profesionales para la práctica docente / _cManuel Medina Elizondo, José Daniel Barquero Cabrero. |
| 260 |
_aMéxico : _bTrillas, _c2012. |
||
| 300 |
_a384 p. : _bcuadros |
||
| 650 | 4 |
_aEducación basada en competencias _913564 |
|
| 650 | 2 |
_aCompetencia profesional _95288 |
|
| 650 | 4 |
_aPrácticas de la enseñanza _92849 |
|
| 700 | 1 |
_aBarquero Cabrero, José Daniel, _ecoaut. |
|
| 905 | _aLibro | ||
| 999 |
_c163387 _d163387 |
||